Comparison of montane and lowland rain forest in Ecuador (Registro nro. 9831)

Detalles MARC
000 -CABECERA
Campo de control 005150000a22001810004500
090 ## - CLASIFICACIÓN LOCAL
Colección AR
Consecutivo 00740
041 0# - IDIOMA
Código de idioma para texto/pista de sonido o título separado
100 1# - ASIENTO PRINCIPAL--NOMBRE PERSONAL
Nombre personal Grubb, P. J.
245 10 - MENCION DE TITULO
Título Comparison of montane and lowland rain forest in Ecuador
650 14 - ASIENTO SECUNDARIO DE MATERIA - TERMINO TEMATICO
Término temático o nombre geográfico como elemento de entrada Vegetación
650 14 - ASIENTO SECUNDARIO DE MATERIA - TERMINO TEMATICO
Término temático o nombre geográfico como elemento de entrada Estructura del Bosque
650 14 - ASIENTO SECUNDARIO DE MATERIA - TERMINO TEMATICO
Término temático o nombre geográfico como elemento de entrada Botánica
651 #4 - ASIENTO SECUNDARIO DE MATERIA - NOMBRE GEOGRAFICO
-- Ecuador
700 1# - ASIENTO SECUNDARIO - NOMBRE PERSONAL
Nombre personal Pennington, T. D.
700 1# - ASIENTO SECUNDARIO - NOMBRE PERSONAL
Nombre personal LLoyd, J. R.
773 1# - Item fuente:
Título Journal of Ecology
Especificación de materiales 249
Paginas del Articulo 567-601
Lugar, editorial y fecha de publicación 1963
Información sobre la relación 51
942 ## - ELEMENTOS ADICIONALES (KOHA)
Tipo de ítem Artículo
Existencias
Withdrawn status Lost status Damaged status No para préstamo Colección Ubicación Permanente Ubicación actual Fecha de adquisición Datos de publicación Seriada Total Checkouts Número topográfico Inventario / Código de Barras Date last seen Ejemplar Price effective from Forma de adquisición Tipo de material
      No para Préstamo Hemeroteca Bogotá Bogotá 27/02/2015 Fuera de circulación   AR 00740 011058 25/03/2015 1 25/03/2015   Artículo
      No para Préstamo Hemeroteca Bogotá Bogotá 27/02/2015 Fuera de circulación   AR 00740 011059 25/03/2015 2 25/03/2015   Artículo